[Event "XXXIII Memorial Edoardo Crespi A"]
[Site "Milano ITA"]
[Date "2012.12.08"]
[Round "5"]
[White "Primerano, Carlo"]
[Black "Dassisti, Alberto"]
[WhiteElo "1773"]
[BlackElo "1921"]
[Result "1-0"]
[PlyCount "104"]
[EventDate "2012.12.05"]

1. d4 d5 2. c4 e6 3. Nc3 Nf6 4. cxd5 exd5 5. Bg5 Be7 6. Qc2 O-O 7. e3 Nbd7 8.
Nf3 Re8 9. Bd3 c5 10. O-O h6 11. Bh4 a6 12. a4 b6 13. Rfd1 cxd4 14. exd4 Bb7
15. Re1 Rc8 16. Qb3 g5 17. Bg3 Nf8 18. Bf5 Rc4 19. Rad1 Nh5 20. Ne5 Nxg3 21.
hxg3 Rb4 22. Qc2 Bc8 23. Nc6 Bxf5 24. Qxf5 Qd6 25. Nxb4 Qxb4 26. Nxd5 Qb3 27.
Rd2 Ne6 28. Nxe7+ Rxe7 29. d5 Rd7 30. Rxe6 fxe6 31. Qxe6+ Rf7 32. Qg6+ Rg7 33.
Qxh6 Qc4 34. Qe6+ Rf7 35. Re2 Qc1+ 36. Re1 Qxb2 37. Qg6+ Qg7 38. Qxg7+ Kxg7 39.
f3 Kg6 40. Re3 Rf6 41. Kf2 Rd6 42. Rd3 Kf5 43. Ke3 Rd8 44. Kd4 Rd6 45. Rc3 Kf6
46. Rc6 Ke7 47. Rxd6 Kxd6 48. f4 b5 49. axb5 axb5 50. fxg5 b4 51. g6 b3 52. Kc3
Kxd5 1-0

[Event "XXXIII Memorial Edoardo Crespi A"]
[Site "Milano ITA"]
[Date "2012.12.08"]
[Round "5"]
[White "Reale, Simone"]
[Black "Consalvo, Gerardo"]
[WhiteElo "1880"]
[BlackElo "1959"]
[Result "1-0"]
[PlyCount "69"]
[EventDate "2012.12.05"]

1. d4 c5 2. d5 f5 3. g4 fxg4 4. e4 d6 5. Nc3 Nf6 6. Bg5 Qb6 7. Bb5+ Bd7 8. Bxf6
gxf6 9. Qxg4 Kd8 10. Qe2 a6 11. Bxd7 Qxb2 12. Nd1 Qxa1 13. Bh3 h5 14. c3 Qb1
15. Qf3 Qxa2 16. Qf5 Kc7 17. Ne2 Bh6 18. f4 Qa4 19. O-O h4 20. Nf2 Qe8 21. e5
fxe5 22. fxe5 Be3 23. Nf4 Bxf4 24. Qxf4 Qg8+ 25. Ng4 Qxd5 26. Bg2 Qe6 27. exd6+
Qxd6 28. Qf3 Nc6 29. Rd1 Qe6 30. Qf4+ Kb6 31. Rb1+ Ka7 32. Qc7 Rab8 33. Qb6+
Ka8 34. Ra1 Qc4 35. Ne5 1-0

[Event "XXXIII Memorial Edoardo Crespi A"]
[Site "Milano ITA"]
[Date "2012.12.08"]
[Round "5"]
[White "Regorda, Vittorio"]
[Black "Bonassi, Tommaso"]
[WhiteElo "1801"]
[BlackElo "1944"]
[Result "0-1"]
[PlyCount "82"]
[EventDate "2012.12.05"]

1. d4 Nf6 2. c4 e6 3. Nf3 b6 4. g3 Bb4+ 5. Bd2 Be7 6. Bg2 d5 7. b3 O-O 8. O-O
c6 9. Bc3 Ne4 10. Bb2 Nd7 11. Ne1 Ba6 12. f3 Nd6 13. cxd5 exd5 14. Nc2 f5 15.
Re1 Nf6 16. Nb4 Bb7 17. Nd3 Nf7 18. Nd2 Bd6 19. e3 Re8 20. Nf1 Rc8 21. Rc1 Ba6
22. Re2 c5 23. Rec2 c4 24. Ne5 Nxe5 25. dxe5 Bxe5 26. Bxe5 Rxe5 27. Qd4 Re7 28.
b4 Bb7 29. Rc3 Qd6 30. a3 Qd7 31. Bh3 Qe6 32. Nd2 Ne8 33. g4 Qh6 34. Kg2 Nd6
35. a4 Rce8 36. Nf1 Qg5 37. Re1 Ne4 38. fxe4 Rxe4 39. Qd1 fxg4 40. Bxg4 Rxg4+
41. Kf2 Rg2+ 0-1

[Event "XXXIII Memorial Edoardo Crespi A"]
[Site "Milano ITA"]
[Date "2012.12.08"]
[Round "5"]
[White "Rossi, Giampiero"]
[Black "Messina, Roberta"]
[WhiteElo "1896"]
[BlackElo "1993"]
[Result "0-1"]
[PlyCount "52"]
[EventDate "2012.12.05"]

1. d4 Nf6 2. c4 Nc6 3. Nf3 e6 4. Nc3 Bb4 5. Qc2 d6 6. e3 O-O 7. Bd2 e5 8. a3
exd4 9. exd4 Re8+ 10. Kd1 Bxc3 11. Bxc3 Ne4 12. Bd3 Bf5 13. Rf1 a5 14. Nd2 Qh4
15. Nxe4 Bxe4 16. Bxe4 Rxe4 17. f3 Re3 18. Qf2 Qf4 19. g3 Rd3+ 20. Kc2 Qf5 21.
Kb3 Nxd4+ 22. Qxd4 Rxd4 23. Bxd4 Qd3+ 24. Bc3 a4+ 25. Kb4 b5 26. Kxb5 Rb8+ 0-1

[Event "XXXIII Memorial Edoardo Crespi A"]
[Site "Milano ITA"]
[Date "2012.12.08"]
[Round "5"]
[White "Villalba, Fernando"]
[Black "Paganini, Andrea"]
[WhiteElo "1852"]
[BlackElo "1882"]
[Result "1-0"]
[PlyCount "77"]
[EventDate "2012.12.05"]

1. e4 e5 2. Nf3 Nc6 3. Nc3 Nf6 4. d3 Be7 5. g3 d5 6. exd5 Nxd5 7. Bg2 Nxc3 8.
bxc3 O-O 9. O-O Bf6 10. Bb2 Re8 11. Re1 Bf5 12. Nd2 Qd7 13. Ne4 Be7 14. Rb1 Be6
15. a3 f5 16. Nd2 Rad8 17. Nf3 Bf6 18. c4 Bf7 19. Ba1 b6 20. Qc1 h6 21. Qe3 Nd4
22. Bxd4 exd4 23. Qf4 c5 24. h4 Rxe1+ 25. Rxe1 Bg6 26. Ne5 Bxe5 27. Rxe5 Re8
28. Rd5 Qe7 29. Rd6 Bh7 30. Bd5+ Kh8 31. Re6 Qd7 32. Rxe8+ Qxe8 33. Qc7 Bg6 34.
Qxa7 Bh5 35. Qxb6 f4 36. Qe6 Qf8 37. g4 Be8 38. g5 hxg5 39. hxg5 1-0

[Event "XXXIII Memorial Edoardo Crespi A"]
[Site "Milano ITA"]
[Date "2012.12.09"]
[Round "6"]
[White "Bisignano, Giuseppe"]
[Black "Brioschi, Camillo"]
[WhiteElo "1895"]
[BlackElo "1812"]
[Result "1-0"]
[PlyCount "88"]
[EventDate "2012.12.05"]

1. e4 e5 2. Nf3 Nc6 3. Bc4 Nf6 4. Ng5 d5 5. exd5 b5 6. Nc3 bxc4 7. dxc6 Bc5 8.
h3 Bf5 9. O-O O-O 10. Qe2 Bxc2 11. Qxc4 Bb6 12. Re1 Bd3 13. Qh4 Re8 14. b4 h6
15. Nge4 Nxe4 16. Qxd8 Raxd8 17. Nxe4 Bd4 18. Nc3 Re6 19. Bb2 Rf6 20. Nd1 Rxc6
21. Rc1 Rxc1 22. Bxc1 Rb8 23. a3 a5 24. bxa5 Ra8 25. Nb2 e4 26. Nxd3 exd3 27.
Re4 c5 28. g4 Kf8 29. Kg2 Rxa5 30. f4 Ra6 31. Kf3 g6 32. f5 gxf5 33. gxf5 Kg7
34. Rg4+ Kf6 35. Ke4 Rb6 36. Rf4 Rb1 37. Rf1 Ke7 38. Kxd3 Bb2 39. Kc2 Bxc1 40.
Kxb1 Bxa3 41. Kc2 Kf6 42. Kb3 Bb4 43. d4 h5 44. Kc4 Ba3 1-0

[Event "XXXIII Memorial Edoardo Crespi A"]
[Site "Milano ITA"]
[Date "2012.12.09"]
[Round "6"]
[White "Bonassi, Tommaso"]
[Black "Pasquotto, Mirko"]
[WhiteElo "1944"]
[BlackElo "1870"]
[Result "1-0"]
[PlyCount "37"]
[EventDate "2012.12.05"]

1. e4 c5 2. Nf3 d6 3. d4 cxd4 4. Nxd4 Nf6 5. Nc3 a6 6. Be3 e5 7. Nb3 Be6 8. f3
Nbd7 9. Qd2 b5 10. Nd5 Bxd5 11. exd5 Nb6 12. Bxb6 Qxb6 13. O-O-O Be7 14. Na5
Rc8 15. Nc6 Nxd5 16. Nxe7 Nxe7 17. Qxd6 Qc5 18. Qd7+ Kf8 19. Qd8+ 1-0

[Event "XXXIII Memorial Edoardo Crespi A"]
[Site "Milano ITA"]
[Date "2012.12.09"]
[Round "6"]
[White "Brociner, Beniamino"]
[Black "Miracola, Giorgia"]
[WhiteElo "1965"]
[BlackElo "1839"]
[Result "1/2-1/2"]
[PlyCount "31"]
[EventDate "2012.12.05"]

1. d4 Nf6 2. Bg5 c5 3. Bxf6 gxf6 4. c3 Qb6 5. Qd2 h5 6. e3 d6 7. Na3 a6 8. Nc4
Qc7 9. a4 Bh6 10. d5 Nd7 11. Qd1 Bg7 12. Nf3 Nb6 13. Na3 h4 14. a5 Nd7 15. Qa4
Kf8 16. Nc4 1/2-1/2

[Event "XXXIII Memorial Edoardo Crespi A"]
[Site "Milano ITA"]
[Date "2012.12.09"]
[Round "6"]
[White "Dassisti, Alberto"]
[Black "Corso, Gabriele"]
[WhiteElo "1921"]
[BlackElo "1804"]
[Result "1/2-1/2"]
[PlyCount "121"]
[EventDate "2012.12.05"]

1. e4 e5 2. Bc4 Nf6 3. Nf3 Nxe4 4. Nxe5 d5 5. Qf3 Be6 6. Be2 Bd6 7. d4 f6 8.
Nc4 Be7 9. Ncd2 f5 10. O-O Qd7 11. Qb3 Nc6 12. c3 O-O-O 13. Nf3 Bf6 14. Bb5 Qd6
15. Qa4 a6 16. Bxc6 Qxc6 17. Qxc6 bxc6 18. Bf4 Rhg8 19. Nbd2 g5 20. Be5 Bxe5
21. dxe5 g4 22. Nd4 Nxd2 23. Nxe6 Rde8 24. Rfd1 Rxe6 25. Rxd2 Rxe5 26. Rad1
Rge8 27. Kf1 f4 28. b3 Kd7 29. c4 Kd6 30. b4 Rh5 31. Rd4 Rf5 32. R1d3 Rfe5 33.
Rd1 Re4 34. cxd5 c5 35. bxc5+ Kxc5 36. R4d2 Kd6 37. Rc1 R8e5 38. Rc6+ Kd7 39.
Rc1 Rh5 40. Rdc2 Rxd5 41. Rxc7+ Ke6 42. Rxh7 Ra4 43. Re1+ Kf6 44. Rh6+ Kg5 45.
Rhe6 Rxa2 46. R1e5+ Rxe5 47. Rxe5+ Kf6 48. Re1 a5 49. h3 gxh3 50. gxh3 Kf5 51.
Kg2 a4 52. Rh1 Kg5 53. Kf3 Ra3+ 54. Ke4 f3 55. h4+ Kh5 56. Kf4 Rb3 57. Ra1 Rb4+
58. Kxf3 Kxh4 59. Kg2 Kg4 60. f3+ Kf4 61. Kf2 1/2-1/2

[Event "XXXIII Memorial Edoardo Crespi A"]
[Site "Milano ITA"]
[Date "2012.12.09"]
[Round "6"]
[White "Deghi, Donatello"]
[Black "D'Orta, Antonio"]
[WhiteElo "1800"]
[BlackElo "1934"]
[Result "0-1"]
[PlyCount "140"]
[EventDate "2012.12.05"]

1. d4 c6 2. f4 d5 3. Nf3 Nf6 4. e3 Bg4 5. Be2 e6 6. Nbd2 Nbd7 7. c3 h6 8. b3
Qa5 9. b4 Qb6 10. Bb2 a5 11. a3 Be7 12. O-O Bf5 13. Ne5 O-O 14. g4 Bh7 15. g5
hxg5 16. fxg5 Nxe5 17. gxf6 Bxf6 18. dxe5 Qxe3+ 19. Kh1 Bxe5 20. Nf3 Be4 21.
Bc1 Qxc3 22. Ra2 axb4 23. Bb2 Qe3 24. Bxe5 Bxf3+ 25. Rxf3 Qxe5 26. a4 c5 27.
Bf1 Qe4 28. Bg2 Qg4 29. Bh3 Qe4 30. Bg2 Qc4 31. Rc2 Qa6 32. Rxc5 Qxa4 33. Qd3
Qa1+ 34. Bf1 Rac8 35. Qb5 Rxc5 36. Qxc5 Qd1 37. Kg2 Qd2+ 38. Kg1 Qe1 39. Rh3 g6
40. Rh8+ Kxh8 41. Qxf8+ Kh7 42. Qxf7+ Kh6 43. Qf8+ Kg5 44. Qe7+ Kg4 45. h3+ Kf5
46. Qf7+ Ke5 47. Qg7+ Kd6 48. Qf8+ Kc6 49. Qe8+ Kc5 50. Qb5+ Kd4 51. Qd3+ Ke5
52. Qxg6 Qe3+ 53. Kh2 Qf4+ 54. Kg1 Qe3+ 55. Kh2 b3 56. Qg7+ Ke4 57. Qg6+ Kd4
58. Qf6+ Qe5+ 59. Qxe5+ Kxe5 60. Bd3 Kf4 61. Kg2 e5 62. Kf2 e4 63. Bb1 b5 64.
h4 Kg4 65. Ke3 Kxh4 66. Kd4 Kg3 67. Kxd5 e3 68. Bd3 b2 69. Kc5 e2 70. Bxe2 b1=Q
0-1

[Event "XXXIII Memorial Edoardo Crespi A"]
[Site "Milano ITA"]
[Date "2012.12.09"]
[Round "6"]
[White "Ganci, Stefano"]
[Black "Penna, Tommaso"]
[WhiteElo "1933"]
[BlackElo "1893"]
[Result "0-1"]
[PlyCount "54"]
[EventDate "2012.12.05"]

1. b4 e5 2. Bb2 Bxb4 3. Bxe5 Nf6 4. c4 O-O 5. e3 d5 6. cxd5 Nxd5 7. Nf3 c5 8.
a3 Ba5 9. Be2 Nc6 10. Bb2 Bf5 11. O-O Qb6 12. Qc1 Rac8 13. Bc4 Rfd8 14. d3 Bg4
15. Nbd2 Bxd2 16. Qxd2 Bxf3 17. gxf3 Na5 18. Rab1 Nxc4 19. dxc4 Qg6+ 20. Kh1
Nf4 21. Qxd8+ Rxd8 22. Rg1 Qc6 23. Rxg7+ Kf8 24. e4 Nd3 25. Bc3 Nxf2+ 26. Kg2
Nxe4 27. fxe4 Qxe4+ 0-1

[Event "XXXIII Memorial Edoardo Crespi A"]
[Site "Milano ITA"]
[Date "2012.12.09"]
[Round "6"]
[White "Gemelli, Giovanni"]
[Black "Colombo, Luca"]
[WhiteElo "1845"]
[BlackElo "1884"]
[Result "1-0"]
[PlyCount "97"]
[EventDate "2012.12.05"]

1. e4 c5 2. Nf3 Nc6 3. d4 cxd4 4. Nxd4 Nf6 5. Nc3 d6 6. Be3 g6 7. f3 Bg7 8. Qd2
O-O 9. O-O-O Bd7 10. g4 Ne5 11. h4 Rc8 12. Kb1 Qa5 13. h5 Nxf3 14. Nxf3 Rxc3
15. Qxc3 Qxc3 16. bxc3 Bxg4 17. Bg2 Nxe4 18. Bd4 e5 19. Rhe1 f5 20. Kb2 exd4
21. cxd4 Bxh5 22. c4 Rc8 23. Kb3 d5 24. c5 Kf8 25. Rd3 Bxf3 26. Bxf3 Kf7 27.
Kb4 h5 28. Rg1 Kf6 29. Bxe4 dxe4 30. Rdg3 Kf7 31. Kc4 Bf6 32. Rxg6 b6 33. Rh6
bxc5 34. dxc5 Be7 35. c6 Bf8 36. Rh7+ Kf6 37. Kd5 Be7 38. Rh6+ Kf7 39. Rh7+ Kf6
40. Rh6+ Kf7 41. Rxh5 Rd8+ 42. Kc4 Ke6 43. Rf1 Rc8 44. Kb5 Rb8+ 45. Kc4 Rb4+
46. Kc3 Rb5 47. Rhxf5 Rxf5 48. Rxf5 Kd6 49. Rf7 1-0

[Event "XXXIII Memorial Edoardo Crespi A"]
[Site "Milano ITA"]
[Date "2012.12.09"]
[Round "6"]
[White "Iacchetti, Giovanni"]
[Black "D'Avino, Gianfranco"]
[WhiteElo "1775"]
[BlackElo "1855"]
[Result "0-1"]
[PlyCount "58"]
[EventDate "2012.12.05"]

1. c4 Nf6 2. g3 g6 3. Bg2 Bg7 4. Nc3 O-O 5. d4 c6 6. Nf3 d5 7. cxd5 cxd5 8. O-O
Nc6 9. Bg5 Ne4 10. Bf4 a6 11. Rc1 Nxc3 12. bxc3 Na5 13. Ne5 f6 14. Nd3 Nc4 15.
e4 e5 16. exd5 exf4 17. Nxf4 Qd6 18. Qe2 b5 19. Rfe1 Bd7 20. a4 Rfe8 21. Qf3
Bh6 22. Ra1 Bxf4 23. gxf4 bxa4 24. Re6 Bxe6 25. dxe6 Qxe6 26. Qb7 Rad8 27. d5
Qd6 28. Bf1 Nd2 29. Bxa6 Qxf4 0-1

[Event "XXXIII Memorial Edoardo Crespi A"]
[Site "Milano ITA"]
[Date "2012.12.09"]
[Round "6"]
[White "Marincolo, Piercarlo"]
[Black "Mondal, Prince"]
[WhiteElo "1950"]
[BlackElo "1930"]
[Result "0-1"]
[PlyCount "95"]
[EventDate "2012.12.05"]

1. d4 Nf6 2. Bg5 d5 3. Nc3 Bf5 4. f3 Nbd7 5. Qd2 e6 6. e4 dxe4 7. fxe4 Bxe4 8.
Bd3 Bxd3 9. Qxd3 c6 10. Nf3 Qc7 11. O-O h6 12. Bh4 Bd6 13. Rae1 g5 14. Bf2
O-O-O 15. Qe2 Ng4 16. Ne5 Ngxe5 17. dxe5 Bxe5 18. g3 Kb8 19. Qe3 b6 20. Nd1 f5
21. Qb3 Rde8 22. Ne3 f4 23. Nc4 fxg3 24. hxg3 Bg7 25. g4 Rhf8 26. Bg3 Rxf1+ 27.
Kxf1 e5 28. Qd3 Re6 29. Kg2 Qb7 30. Qf5 c5+ 31. Kh3 Qd5 32. Ne3 Qc6 33. Qf7 Bf8
34. Rd1 Rd6 35. Nd5 Kb7 36. c4 Kc8 37. Qe8+ Kb7 38. Qf7 a5 39. Bxe5 Re6 40. Bg3
Bd6 41. Qf5 Bxg3 42. Kxg3 Qd6+ 43. Kf3 Ne5+ 44. Kf2 Qc6 45. Qh7+ Qd7 46. Qe4
Qf7+ 47. Kg2 Nc6 48. Qf5 0-1

[Event "XXXIII Memorial Edoardo Crespi A"]
[Site "Milano ITA"]
[Date "2012.12.09"]
[Round "6"]
[White "Messina, Roberta"]
[Black "Aliberti, Emilio"]
[WhiteElo "1993"]
[BlackElo "1899"]
[Result "1/2-1/2"]
[PlyCount "110"]
[EventDate "2012.12.05"]

1. c4 c6 2. g3 Nf6 3. Bg2 d5 4. Nf3 Bf5 5. b3 e6 6. Bb2 Be7 7. O-O h6 8. d3 O-O
9. Nbd2 Nbd7 10. Re1 Bh7 11. Rc1 a5 12. Qc2 a4 13. Ne5 Nxe5 14. Bxe5 Qa5 15.
Bc3 Bb4 16. Qb2 Bxc3 17. Rxc3 a3 18. Qa1 Rfd8 19. cxd5 exd5 20. Qc1 Re8 21. d4
Ne4 22. Bxe4 Bxe4 23. Rc5 Qb4 24. Qc3 Qxc3 25. Rxc3 Kf8 26. e3 Bf5 27. Rec1 Ke7
28. b4 Ra4 29. Rb3 Bd7 30. Nb1 Kd6 31. Nxa3 Rea8 32. Rcc3 Bg4 33. b5 Bd1 34.
bxc6 bxc6 35. Rb1 Rxa3 36. Rxa3 Rxa3 37. Rxd1 Rxa2 38. Rb1 Rc2 39. Rb7 Ke6 40.
Rc7 h5 41. Rc8 g6 42. Kg2 Kd7 43. Rh8 Rc3 44. Kf3 c5 45. dxc5 Rxc5 46. Rf8 Ke7
47. Ra8 Rc4 48. Ra7+ Ke6 49. Ra6+ Ke5 50. Ra8 Rb4 51. Re8+ Kf5 52. Rf8 Ke6 53.
Rd8 Ke5 54. h3 Ra4 55. Re8+ Kf5 1/2-1/2

[Event "XXXIII Memorial Edoardo Crespi A"]
[Site "Milano ITA"]
[Date "2012.12.09"]
[Round "6"]
[White "Monticone, Sonia"]
[Black "Regorda, Vittorio"]
[WhiteElo "1854"]
[BlackElo "1801"]
[Result "1-0"]
[PlyCount "47"]
[EventDate "2012.12.05"]

1. e4 e6 2. d4 d5 3. Nd2 a6 4. Ngf3 c5 5. exd5 exd5 6. Be2 Nf6 7. O-O Nc6 8.
Re1 Be7 9. dxc5 O-O 10. Nb3 Ne4 11. Be3 Bf6 12. c3 a5 13. a4 Be6 14. Nfd4 Qc7
15. f3 Ng5 16. h4 Nh3+ 17. Kh1 Bxh4 18. gxh3 Qg3 19. Bf1 Bxh3 20. Qd2 Nxd4 21.
cxd4 Bxf1 22. Rxf1 Rfe8 23. Bf4 Qg6 24. Rg1 1-0

[Event "XXXIII Memorial Edoardo Crespi A"]
[Site "Milano ITA"]
[Date "2012.12.09"]
[Round "6"]
[White "Nepi, Ezio"]
[Black "Mouflih, Caesar Faycal"]
[WhiteElo "1945"]
[BlackElo "1982"]
[Result "0-1"]
[PlyCount "68"]
[EventDate "2012.12.05"]

1. d4 d5 2. c4 c6 3. Nf3 Nf6 4. Qc2 Nbd7 5. g3 e6 6. Bg2 Ne4 7. O-O Bd6 8. Nfd2
f5 9. f3 Nxd2 10. Bxd2 O-O 11. e4 fxe4 12. fxe4 Rxf1+ 13. Bxf1 e5 14. c5 Be7
15. exd5 cxd5 16. Be3 e4 17. Nc3 Nf6 18. Bg2 Be6 19. Rf1 Qd7 20. Rf4 Ng4 21.
Bc1 Bg5 22. Rxg4 Bxc1 23. Rxg7+ Qxg7 24. Qxc1 Qxd4+ 25. Kh1 e3 26. c6 bxc6 27.
Ne2 Qe5 28. Qxc6 Rc8 29. Qb5 Rb8 30. Qa5 Rxb2 31. Qd8+ Kf7 32. Qh4 h5 33. Bf3
Bg4 34. Bxg4 Qe4+ 0-1

[Event "XXXIII Memorial Edoardo Crespi A"]
[Site "Milano ITA"]
[Date "2012.12.09"]
[Round "6"]
[White "Pecorario, Stefano"]
[Black "Beltrami, Francesco"]
[WhiteElo "1774"]
[BlackElo "1856"]
[Result "1/2-1/2"]
[PlyCount "154"]
[EventDate "2012.12.05"]

1. e4 c5 2. Nf3 Nc6 3. d4 cxd4 4. Nxd4 Nf6 5. Nc3 e5 6. Ndb5 d6 7. Bg5 a6 8.
Na3 b5 9. Nd5 Be7 10. Nxe7 Qxe7 11. c4 b4 12. Nc2 Bb7 13. Ne3 Nd4 14. Nd5 Bxd5
15. exd5 h6 16. Bh4 g5 17. Bg3 Ne4 18. Bd3 Nxg3 19. hxg3 e4 20. Qa4+ Kf8 21.
Bc2 Nxc2+ 22. Qxc2 e3 23. O-O-O exf2 24. Qxf2 Kg7 25. Rhf1 Rhf8 26. Rde1 Qd8
27. Qd4+ Kg6 28. Qd3+ Kg7 29. Qd4+ Kg6 30. g4 Rc8 31. Re3 Rc7 32. Ref3 Qe7 33.
Rf6+ Kh7 34. b3 Re8 35. Rh1 Qe3+ 36. Qd2 Rce7 37. Rfxh6+ Kg7 38. Rh7+ Kg8 39.
Rh8+ Kg7 40. Rxe8 Rxe8 41. Qxe3 Rxe3 42. Rd1 Rg3 43. Rd2 Kf8 44. Re2 Rxg4 45.
Kd2 Rf4 46. Kd3 Rf5 47. Kd4 Rf4+ 48. Ke3 Rf5 49. Kd4 Rf4+ 50. Re4 Rf2 51. c5
Rd2+ 52. Kc4 Rc2+ 53. Kxb4 Rxc5 54. Rd4 f5 55. Rd2 f4 56. Ka4 a5 57. b4 axb4
58. Kxb4 Ke7 59. a4 Kd7 60. Ka3 Kc7 61. Kb3 Kb6 62. Kb4 Rc1 63. Rb2 Rc5 64. Rd2
Ka6 65. Ka3 Ka5 66. Kb3 Rc1 67. Ra2 Re1 68. Kc3 g4 69. Kd3 Rd1+ 70. Ke4 Rf1 71.
Kf5 g3 72. Re2 Rf2 73. Re4 f3 74. gxf3 Rxf3+ 75. Ke6 Rf1 76. Rg4 Ra1 77. Kxd6
g2 1/2-1/2

[Event "XXXIII Memorial Edoardo Crespi A"]
[Site "Milano ITA"]
[Date "2012.12.09"]
[Round "6"]
[White "Piantoni, Pierino"]
[Black "Primerano, Carlo"]
[WhiteElo "1899"]
[BlackElo "1773"]
[Result "1/2-1/2"]
[PlyCount "135"]
[EventDate "2012.12.05"]

1. c4 e5 2. g3 d6 3. Bg2 g6 4. Nc3 Bg7 5. d3 Nf6 6. e4 O-O 7. Nge2 Nc6 8. O-O
Ne8 9. Be3 f5 10. Qd2 Nd4 11. Bg5 Bf6 12. Bh6 Nxe2+ 13. Qxe2 Bg7 14. Bxg7 Nxg7
15. f4 c6 16. Qe3 Qb6 17. Qxb6 axb6 18. a3 Ne6 19. exf5 gxf5 20. fxe5 dxe5 21.
Rae1 Nc5 22. Rf3 Re8 23. d4 Nb3 24. dxe5 Nd2 25. Rf4 Ra5 26. Re2 Nb3 27. Bh3
Raxe5 28. Rxe5 Rxe5 29. Kf2 Nc5 30. Rd4 Be6 31. b4 Nd7 32. Rf4 Nf6 33. Rd4 Nd7
34. Bf1 Kf8 35. Ne2 Ke7 36. Rh4 Nf6 37. Nf4 Ng4+ 38. Kg1 Bg8 39. Nd3 Re4 40. h3
Ne3 41. Nb2 Rxh4 42. gxh4 Nxf1 43. Kxf1 Kd6 44. Kf2 Ke5 45. Na4 Bxc4 46. Nxb6
Be6 47. Na4 b5 48. Nc5 Bd5 49. a4 bxa4 50. Nxa4 Kd4 51. Nc5 Kc4 52. Na6 Kb5 53.
Nc7+ Kxb4 54. Ke3 Bg2 55. h5 Bxh3 56. h6 c5 57. Nd5+ Kb3 58. Kd2 c4 59. Kc1 Bg2
60. Nf4 Be4 61. Ne2 Bd3 62. Nf4 Ka2 63. Nxd3 cxd3 64. Kd2 Kb3 65. Kxd3 f4 66.
Ke4 Kc4 67. Kxf4 Kd4 68. Kf5 1/2-1/2

[Event "XXXIII Memorial Edoardo Crespi A"]
[Site "Milano ITA"]
[Date "2012.12.09"]
[Round "6"]
[White "Reale, Simone"]
[Black "Pepe, Mario"]
[WhiteElo "1880"]
[BlackElo "1993"]
[Result "1-0"]
[PlyCount "67"]
[EventDate "2012.12.05"]

1. d4 Nf6 2. Nf3 d5 3. e3 g6 4. Bd3 Bg7 5. Nbd2 O-O 6. O-O Nbd7 7. Re1 b6 8. c3
Bb7 9. e4 dxe4 10. Nxe4 Nd5 11. h4 N7f6 12. a3 Nh5 13. Bc2 c6 14. Ne5 Ndf6 15.
Ng5 Nd5 16. Nxh7 Kxh7 17. Qxh5+ Kg8 18. Qg4 Nf6 19. Qg5 c5 20. Be3 Qd5 21. Nf3
Qxg5 22. hxg5 Nd5 23. dxc5 Nxc3 24. bxc3 Bxc3 25. Bb3 Bxf3 26. gxf3 e6 27. Rac1
Bxe1 28. Rxe1 Rac8 29. cxb6 axb6 30. Bd4 Rfd8 31. Re4 b5 32. Bf6 Kf8 33. Bxd8
Rxd8 34. Rf4 1-0

[Event "XXXIII Memorial Edoardo Crespi A"]
[Site "Milano ITA"]
[Date "2012.12.09"]
[Round "6"]
[White "Rossi, Giampiero"]
[Black "Castrogiovanni, Carlo"]
[WhiteElo "1896"]
[BlackElo "1996"]
[Result "0-1"]
[PlyCount "68"]
[EventDate "2012.12.05"]

1. d4 Nf6 2. c4 c5 3. dxc5 Qa5+ 4. Nc3 e6 5. Qc2 Bxc5 6. e3 Nc6 7. a3 Qc7 8.
Nf3 a6 9. Be2 b6 10. O-O Bb7 11. b4 Bd6 12. Bb2 Ne5 13. Nxe5 Bxe5 14. h3 d5 15.
cxd5 Nxd5 16. Qa4+ b5 17. Nxd5 Bh2+ 18. Kh1 Bxd5 19. Qd1 Rd8 20. Qc1 O-O 21.
Qxc7 Bxc7 22. Rac1 Bb6 23. Rfd1 h6 24. Kg1 Bb3 25. Rxd8 Rxd8 26. Bc3 Kf8 27.
Kf1 f6 28. Ke1 Ke7 29. Bd2 Bd5 30. f3 Bb7 31. Rc3 Rd7 32. Bd1 Bc7 33. Ke2 Be5
34. Rc2 34... Bd5 {...} 0-1

[Event "XXXIII Memorial Edoardo Crespi A"]
[Site "Milano ITA"]
[Date "2012.12.09"]
[Round "6"]
[White "Villalba, Fernando"]
[Black "Nardone, Massimo"]
[WhiteElo "1852"]
[BlackElo "1925"]
[Result "0-1"]
[PlyCount "112"]
[EventDate "2012.12.05"]

1. d4 b6 2. Nf3 Bb7 3. Bf4 Nf6 4. e3 e6 5. Nbd2 Be7 6. Be2 O-O 7. O-O Nh5 8.
Bg3 Nxg3 9. hxg3 f5 10. c3 d6 11. Bc4 d5 12. Bb3 Nd7 13. c4 c6 14. cxd5 cxd5
15. Ba4 Nf6 16. Ne5 a6 17. a3 b5 18. Bc2 Nd7 19. Nd3 Bd6 20. f4 Rc8 21. Nf3 h6
22. Bb3 Qe7 23. Nde5 Bxe5 24. fxe5 Rc7 25. Rc1 Nb6 26. Qd2 Rfc8 27. Rxc7 Qxc7
28. Qe2 Bc6 29. Ne1 Nc4 30. Nd3 Na5 31. Ba2 Nb7 32. Rc1 Qd8 33. Nf4 Bd7 34. Re1
Rc7 35. Nd3 Qc8 36. Bb1 Na5 37. Nc5 Nc4 38. g4 fxg4 39. Qxg4 Nxe5 40. dxe5 Rxc5
41. Qg6 Rc1 42. Qh7+ Kf8 43. Rxc1 Qxc1+ 44. Kh2 Qxe3 45. Qh8+ Kf7 46. Qd8 Qxe5+
47. g3 Qxb2+ 48. Kh3 Qxb1 49. Qxd7+ Kf6 50. Qd8+ Ke5 51. Qc7+ Kd4 52. Qf4+ Qe4
53. Qd2+ Kc5 54. Qc3+ Kd6 55. Qxg7 Qf3 56. Qxh6 Qh1+ 0-1

[Event "XXXIII Memorial Edoardo Crespi A"]
[Site "Milano ITA"]
[Date "2012.12.09"]
[Round "6"]
[White "Virzi, Ettore"]
[Black "Ceka, Shpetim"]
[WhiteElo "1974"]
[BlackElo "1862"]
[Result "1-0"]
[PlyCount "27"]
[EventDate "2012.12.05"]

1. e4 c5 2. Nf3 g6 3. d4 Bg7 4. Nc3 cxd4 5. Nxd4 a6 6. Be3 b5 7. Be2 Bb7 8. O-O
Nc6 9. f4 Rc8 10. a4 b4 11. Nd5 Qa5 12. Nb3 Bxb2 13. Nxa5 Nxa5 14. Rb1 1-0

[Event "XXXIII Memorial Edoardo Crespi A"]
[Site "Milano ITA"]
[Date "2012.12.09"]
[Round "6"]
[White "Zuliani, Francesco"]
[Black "Di Chiara, Mauro"]
[WhiteElo "1783"]
[BlackElo "1962"]
[Result "1-0"]
[PlyCount "89"]
[EventDate "2012.12.05"]

1. e4 d6 2. d4 Nf6 3. Nc3 g6 4. Nf3 Bg7 5. Be2 O-O 6. O-O c6 7. a4 d5 8. exd5
cxd5 9. b3 Nc6 10. h3 Ne4 11. Bb2 f5 12. Nxd5 Be6 13. Nf4 Bf7 14. h4 Qc7 15. g3
Rad8 16. Bc4 Bxc4 17. bxc4 Qb6 18. Rb1 Nxd4 19. Bxd4 Bxd4 20. Nxd4 Rxd4 21.
Rxb6 Rxd1 22. Rxg6+ hxg6 23. Rxd1 Nc3 24. Rd7 Nxa4 25. Rxb7 Ra8 26. Rxe7 a5 27.
Nxg6 Nc5 28. h5 Ra6 29. Re5 a4 30. Ne7+ Kh7 31. Nxf5 a3 32. Re1 a2 33. Ra1 Ne4
34. Ne3 Nc3 35. Nd5 Ne2+ 36. Kf1 Nd4 37. Ne3 Ra3 38. c5 Kh6 39. g4 Nb5 40. c6
Nc3 41. c7 Ra8 42. Nf5+ Kg5 43. Nd6 Nb1 44. c8=Q Nd2+ 45. Ke2 1-0

[Event "XXXIII Memorial Edoardo Crespi A"]
[Site "Milano ITA"]
[Date "2012.12.09"]
[Round "7"]
[White "Aliberti, Emilio"]
[Black "Ganci, Stefano"]
[WhiteElo "1899"]
[BlackElo "1933"]
[Result "0-1"]
[PlyCount "82"]
[EventDate "2012.12.05"]

1. d4 b6 2. e4 Bb7 3. Bd3 Nf6 4. Nd2 c5 5. c3 cxd4 6. cxd4 Nc6 7. Ngf3 Nb4 8.
Bb1 Ba6 9. Qb3 Qc7 10. Qc3 Rc8 11. Nb3 Qxc3+ 12. bxc3 Nd3+ 13. Bxd3 Bxd3 14. e5
Ne4 15. Bb2 g6 16. Rc1 Bh6 17. Nfd2 O-O 18. g3 f6 19. f4 fxe5 20. dxe5 g5 21.
Nxe4 Bxe4 22. O-O gxf4 23. Rcd1 fxg3 24. hxg3 Be3+ 25. Kh2 Rc6 26. Rxf8+ Kxf8
27. g4 Ke8 28. Kg3 Bc2 29. Re1 Bxb3 30. Rxe3 Bxa2 31. Kf4 Bb1 32. Ba3 Rc4+ 33.
Kg3 Bc2 34. Bb2 a5 35. Re1 Bg6 36. Re3 Bf7 37. Rf3 Re4 38. Rf5 Bg6 39. Rg5 Re2
40. Bc1 e6 41. Kf3 Rc2 0-1